K pojmovému vymedzeniu európskeho práva (inauguračná prednáška)

Terminologické aspekty a pojmové vymedzenie európskeho práva. Komunitárne právo a úniové právo. Formálne pramene komunitárneho práva. Charakteristika komunitárneho práva, špecifické vlastnosti a jeho vzťah k medzinárodnému právu. Úniové právo, jeho aplikácia. Vývojová tendencia pojmového vymedzenia...

Descrizione completa

Salvato in:
Dettagli Bibliografici
Autore principale: Strážnická, Viera
Natura: Capitolo di libro
Lingua:slovacco
Soggetti:
Tags: Aggiungi Tag
Nessun Tag, puoi essere il primo ad aggiungerne!!

MARC

LEADER 00000naa$a2200000$$$4500
001 0016933
005 20231102091406.4
041 0 |a slo 
044 |a SK 
245 1 0 |a K pojmovému vymedzeniu európskeho práva  |b (inauguračná prednáška)  |c Viera Strážnická 
520 |a Terminologické aspekty a pojmové vymedzenie európskeho práva. Komunitárne právo a úniové právo. Formálne pramene komunitárneho práva. Charakteristika komunitárneho práva, špecifické vlastnosti a jeho vzťah k medzinárodnému právu. Úniové právo, jeho aplikácia. Vývojová tendencia pojmového vymedzenia práva Európskej únie 
610 2 0 |a právo medzinárodné 
610 2 0 |a Európska únia 
610 2 0 |a právo komunitárne 
610 2 0 |a pojmy 
610 2 0 |a zmluvy medzinárodné 
100 1 |a Strážnická, Viera